Culture Générale - Série 2474 - Statistiques

Statistiques générales
  • Ce quiz a été pris 157 fois
  • Le résultat moyen est 4 sur 10
Statistiques - réponses
Question Réponse % Correct
Quel est le prénom de l'actrice Zeta-Jones ? voir photo Catherine
73%
Septième planète à partir du soleil découverte par William Herschel en 1781. On l'appelle aussi "La planète couchée" uranus
73%
Produire un ronflement vibrant, caractéristique d'objets en rotation rapide comme un moteur - 7 lettres commençant par " v " vrombir
59%
Qu'est-ce que l'on boit jusqu'à la lie lorsqu'on endure jusqu'au bout quelque chose. de pénible ? calice
48%
Dans quel pays européen se trouve la ville de Swansea ? Pays de Galles
45%
Origine ou filiation (d'un mot).10 lettres commençant par " é " étymologie
41%
Quel nom donne-t-on également à la forêt boréale ou encore forêt hudsonienne ? taïga
41%
Quelle série télévisée américaine des années 1970 a rendu célèbre Telly Savalas ? Kojak
33%
Formation végétale caractéristique des régions méditerranéennes, proche du maquis garrigue
27%
Sommeil artificiel ou endormissement forcé, induit par un médicament, souvent un narcotique narcose
5%
Aucun quiz correspondant
Distribution des résultats
% des personnes avec chaque résultat
Percentile par nombre de réponses
Votre historique - résultats
Vous n’avez pas pris ce quiz